000
00225 a2200085 4500
020
_a
0799329029
100
_a
Van Der Merwe, Marie
_9
65442
245
_a
Lied Van Die Rietsanger
999
_c
780381
_d
780380
942
_w
233
_x
Phindile Mnisi
_y
296
_z
Phillipina Naude